00585nam a2200181 i 450000100060000000300090000600500170001500700030003200800410003510000310007624500960010726000770020330000250028070000240030570000190032970000330034885200220038175905ES-MaACL20230906172640.0t|040928q1905 fr ||||1| fre d1 aGrimm, Jacob (d1785-1863)10aContes des fréres Grimm / ctraduits de l'allemand par Ernest Grégoire et Louis Moland. aParis : b[s.n., c1905?] (eLevallois-Perret : fCrété de L. Abbre) aX, 344 p. ; c18 cm.1 aGrégoire, Ernest.1 aMoland, Louis.1 aGrimm, Wilhelm (d1786-1859) aES-MaACLjF-11036